| 000 | 01172nam a2200277Ia 4500 | ||
|---|---|---|---|
| 001 | ebr10185510 | ||
| 003 | CaPaEBR | ||
| 006 | m u | ||
| 007 | cr cn||||||||| | ||
| 008 | 070112s2007 enk s 000 0 eng d | ||
| 020 | _z9781846633768 | ||
| 040 |
_aCaPaEBR _cCaPaEBR |
||
| 035 | _a(OCoLC)648296765 | ||
| 050 | 1 | 4 |
_aTJ260 _b.S45 2007eb |
| 245 | 0 | 0 |
_aSelected papers from the international conference on computational heat and mass transfer, Paris May 2005 _h[electronic resource] / _cguest editor R. Bennacer. |
| 260 |
_aBradford : _bEmerald Group Press, _cc2007. |
||
| 300 | _a114 p. | ||
| 490 | 0 |
_aInternational Journal of numerical methods for heat & fluid flow ; _v17, no. 3 |
|
| 533 |
_aElectronic reproduction. _bPalo Alto, Calif. : _cebrary, _d2009. _nAvailable via World Wide Web. _nAccess may be limited to ebrary affiliated libraries. |
||
| 650 | 0 |
_aHeat _xTransmission _xMathematics. |
|
| 650 | 0 | _aMass transfer. | |
| 655 | 7 |
_aElectronic books. _2local |
|
| 700 | 1 | _aBennacer, R. | |
| 710 | 2 | _aebrary, Inc. | |
| 856 | 4 | 0 |
_uhttp://site.ebrary.com/lib/rucke/Doc?id=10185510 _zAn electronic book accessible through the World Wide Web; click to view |
| 999 |
_c144546 _d144546 |
||